Statistics for 2022 FIFA World Cup Group D - Tunisia - Australia

Click here to take the quiz!

General Stats

  • This quiz has been taken 33 times
  • The average score is 13 of 33

Answer Stats

Player% Correct
Aaron Mooy
74%
Craig Goodwin
74%
Mathew Ryan
74%
Wahbi Khazri
65%
Ellyes Skhiri
52%
Harry Souttar
52%
Mitchell Duke ¹
48%
Dylan Bronn
43%
Issam Jebali
43%
Yassine Meriah
43%
Aziz Behich
39%
Mathew Leckie
39%
Mohamed Dräger
39%
Naïm Sliti
39%
Riley McGree
39%
Aïssa Laïdouni
35%
Ali Abdi
35%
Aymen Dahmen
35%
Jackson Irvine
35%
Jalel Kadri
35%
Jamie Maclaren
35%
Miloš Degenek
35%
Montassar Talbi
35%
Wajdi Kechrida
35%
Youssef Msakni
35%
Ajdin Hrustic
30%
Awer Mabil
30%
Ferjani Sassi
30%
Fran Karačić
30%
Keanu Baccus
30%
Kye Rowles
30%
Graham Arnold
26%
Taha Yassine Khenissi
26%

Score Distribution

Percentile by Number Answered

Percent of People with Each Score

Your Score History

You have not taken this quiz